40 Biggest Countries in the world by Area - Statistics

General Stats
  • This quiz has been taken 129 times
  • The average score is 34 of 40
Answer Stats
Places Countries % Correct
1. Russia 17,098,246
100%
2. Canada 9,984,670
98%
7. India 3,287,263
97%
6. Australia 7,692,024
96%
5. Brazil 8,510,346
96%
3. China 9,596,960
96%
8. Argentina 2,796,427
95%
4. United States 9,833,517
95%
11. Democratic Republic of the Congo 2,345,410
93%
19. Mongolia 1,564,116
93%
15. Indonesia 1,910,931
91%
14. Mexico 1,964,375
91%
9. Kazakhstan 2,724,910
90%
10. Algeria 2,381,741
89%
34. Pakistan 881,913
88%
12. Saudi Arabia 2,206,714
88%
30. Egypt 1,002,000
87%
26. Colombia 1,141,748
86%
17. Libya 1,676,198
86%
25. South Africa 1,221,03
86%
22. Niger 1,267,000
85%
16. Sudan 1,861,484
83%
21. Chad 1,284,000
82%
18. Iran 1,648,195
82%
20. Peru 1,285,216
82%
38. Chile 756,102
81%
27. Ethiopia 1,104,300
81%
37. Turkey 783,562
81%
32. Nigeria 923,768
80%
33. Venezuela 912,050
80%
28. Bolivia 1,098,581
79%
24. Mali 1,240,192
79%
23. Angola 1,246,700
77%
29. Mauritania 1,030,700
72%
36. Mozambique 801,590
71%
35. Namibia 825,615
70%
13. Denmark(inc.Greenland) 2,166,086
69%
31. Tanzania 947,303
66%
39. Zambia 752,612
64%
40. Myanmar 676,577
60%
No matching quizzes found
Score Distribution
Percent of People with Each Score
Percentile by Number Answered
Your Score History
You have not taken this quiz